Catholicism : (Record n. 27662)

Dettagli MARC
000 -LEADER
fixed length control field 00795nam a2200241 i 4500
003 - CONTROL NUMBER IDENTIFIER
control field IT-RoINE
005 - DATE AND TIME OF LATEST TRANSACTION
control field 20181119121545.0
008 - FIXED-LENGTH DATA ELEMENTS--GENERAL INFORMATION
fixed length control field 040505s2003 xxka |r 001|||eng|d
020 ## - INTERNATIONAL STANDARD BOOK NUMBER
International Standard Book Number 0199259941
040 ## - CATALOGING SOURCE
Original cataloging agency PUG
Modifying agency cl
-- IT-RoINE
Transcribing agency IT-RoINE
100 1# - MAIN ENTRY--PERSONAL NAME
Personal name O'Collins, Gerald,
Titles and other words associated with a name S.I.,
Dates associated with a name 1931-
9 (RLIN) 4273
245 10 - TITLE STATEMENT
Title Catholicism :
Remainder of title the story of Catholic Christianity /
Statement of responsibility, etc Gerald O'Collins and Mario Farrugia.
260 ## - PUBLICATION, DISTRIBUTION, ETC. (IMPRINT)
Place of publication, distribution, etc Oxford [etc.] :
Name of publisher, distributor, etc Oxford University Press,
Date of publication, distribution, etc 2003.
300 ## - PHYSICAL DESCRIPTION
Extent XIII, 409 p. :
Other physical details il. ;
Dimensions 21 cm.
336 ## - CONTENT TYPE
Source rdacontent
Content type term text
337 ## - MEDIA TYPE
Source rdamedia
Media type term unmediated
338 ## - CARRIER TYPE
Source rdacarrier
Carrier type term volume
500 ## - GENERAL NOTE
General note Incluye índice.
504 ## - BIBLIOGRAPHY, ETC. NOTE
Bibliography, etc Bibliografía: p. 394-396.
650 #4 - SUBJECT ADDED ENTRY--TOPICAL TERM
9 (RLIN) 1325
Topical term or geographic name as entry element Teología dogmática
700 1# - ADDED ENTRY--PERSONAL NAME
Personal name Menduni, Enrico,
Dates associated with a name 1948-
9 (RLIN) 54549
942 ## - ADDED ENTRY ELEMENTS (KOHA)
Item type Monografías
Dati di copia
Withdrawn status Lost status Damaged status Not for loan Home library Current library Date acquired Total Checkouts Full call number Barcode Date last seen Price effective from Koha item type
        Iglesia Nacional Española en Roma Iglesia Nacional Española en Roma 19/11/2018   TEO 2193 53405 19/11/2018 19/11/2018 Monografías